000 00454nam a22001817a 4500
003 UA-OsUOA
001 18457
007 ta
008 20040517b un ||||| |||| 00| 0 ukr d
100 _aФадеев И.
942 _cSA
040 _aUA-OsUOA
_cUA-OsUOA
_dUA-OsUOA
245 _a1-е Мая: [Вірш]
300 _aС.7
955 _a0
773 0 _w0
_tЕнергія
_dКузнецовськ
_d2004
_g№17/30 квіт./
650 7 _aВірші
_2UDC
999 _c304628
_d304628